Our underachieving colleges : a candid look at how much students learn and why they should be learning more
Αποθηκεύτηκε σε:
| Κύριος συγγραφέας: | |
|---|---|
| Μορφή: | Βιβλίο |
| Γλώσσα: | English |
| Δημοσίευση: |
Princeton, N.J. :
Princeton University Press,
c2006
|
| Θέματα: | |
| Ετικέτες: |
Προσθήκη ετικέτας
Δεν υπάρχουν, Καταχωρήστε ετικέτα πρώτοι!
|
MARC
| LEADER | 00000nam a2200000 i 4500 | ||
|---|---|---|---|
| 001 | 1/96012 | ||
| 008 | 081023s2006 eng d | ||
| 020 | |a 978-0-691-12596-1 | ||
| 020 | |a 0-691-12596-1 | ||
| 035 | |l 10101144 | ||
| 040 | |a GR-MY-UA |b gre |e aacr | ||
| 041 | 0 | |a eng | |
| 082 | 0 | |a 378.73 |2 (22) | |
| 100 | 1 | |a Bok, Derek Curtis. | |
| 245 | 1 | 0 | |a Our underachieving colleges : |b a candid look at how much students learn and why they should be learning more / |c Derek Bok |
| 260 | |a Princeton, N.J. : |b Princeton University Press, |c c2006 | ||
| 300 | |a 413 σ.; |c 24 εκ. | ||
| 504 | |a Περιέχει βιβλιογραφικές παραπομπές (σ. 345-394) και ευρετήριο | ||
| 650 | 0 | 0 | |a Education, Higher |x Aims and objectives |z United States. |
| 650 | 0 | 0 | |a Academic achievement |z United States. |
| 852 | |a INST |b SAMOS |e 20081023 |h 378.73 BOK |p 005300029904 |q 005300029904 |t BK |y 0 | ||
| 901 | |a BIBL3-2008-3 | ||
| 909 | |a Σ |b 134852 | ||
| 922 | |a 3ΕΛΗ |b 200612 |c ΕΠΕΑΕΚ2/ΜΕΤ-ΤΜΠΕΣ |d ΜΙΧΑΛΟΠΟΥΛΟΣ | ||
| 970 | |a ΡΟΥΣΣΟΥ |b ΚΩΝΣΤΑΝΤΙΝΑ |z 2008/10/23 | ||